Statistics for San Francisco Trivia

Click here to take the quiz!

General Stats

  • This quiz has been taken 14,455 times
  • The average score is 11 of 22

Answer Stats

ClueAnswer% Correct
Most famous bridgeGolden Gate
99%
"Unescapable" former prisonAlcatraz
96%
Area of tourist traps on the North Shore{Fisherman}'s Wharf
74%
Fault line causing the 1906 earthquakeSan Andreas
71%
Name for the summer of 1967Summer of {Love}
69%
Year of the Gold Rush1849
68%
Major League teamGiants
65%
First openly gay elected officialHarvey Milk
56%
Fictional detective portrayed
by Clint Eastwood
Harry Callahan
50%
If you drive over the Bay Bridge,
you'll arrive at this neighboring city
Oakland
50%
Famous hippie neighborhood{Haight}-Ashbury
48%
"Crookedest" streetLombard
42%
Rail systemBART
41%
Famous chocolate companyGhirardelli
40%
Product that dubs itself
"The San Francisco Treat"
Rice-A-Roni
39%
Famous gay neighborhoodThe {Castro}
31%
Singer who left his heart
in San Francisco
Tony Bennett
31%
Park and former military baseThe {Presidio}
27%
Former name of the city{Yerba} Buena
24%
"Howl" poetAllen Ginsberg
22%
Famous Latino neighborhoodThe {Mission}
21%
Neighborhood known for its
homeless population
The {Tenderloin}
21%

Score Distribution

Percentile by Number Answered

Percent of People with Each Score

Your Score History

You have not taken this quiz